| 000 | 00430cam a22001097a 4500 | ||
|---|---|---|---|
| 008 | 180718b1969 xxu||||| |||| 00| 0 eng d | ||
| 082 | _aK232x42 Un3/107 | ||
| 245 |
_aTop salaries in the private sector and nationised industries _cby National Board for Prices and Incomes, United Kingdom |
||
| 260 |
_aLondon _bHer Majesty's Stationery Office _c1969 |
||
| 300 | _a85+p. | ||
| 700 | _aUnited Kingdom. National Board for Prices and Incomes | ||
| 999 |
_c499829 _d499829 |
||